Statistics for Ultimate Fan Quiz on: Rocky

Click here to take the quiz!

General Stats

  • This quiz has been taken 1,074 times
  • The average score is 8 of 14

Answer Stats

HintAnswer% Correct
Trained Rocky from movies 1-3Mickey Goldmill
92%
How many eggs do Rocky gulp during his training?5
91%
Only movie with a Street Fight at the endRocky V
86%
Rocky's first knockout loss was to...Clubber Lang
76%
Where Rocky grew upPhiladelphia, Pennsylvania
76%
Band that played Eye of the TigerSurvivor
69%
Which was played what by 80s iconMr.T
68%
Played by Pro-Wrestler, Hulk HoganThunderlips
65%
Rocky's first opponent shownSpider Rico
62%
What kind of arcade game did Paulie destroy?Pinball Machiene
45%
Trained Rocky in the 4th movieTony "Duke" Evers
45%
Rocky's last opponentMason "The Line" Dixon
42%
How many fights had Rocky been in prior to fighting Creed the first time?64
18%
What was the name of the candy bar named after Rocky?Crunch Punch
5%

Score Distribution

Percentile by Number Answered

Percent of People with Each Score

Your Score History

You have not taken this quiz